000 00822nam a2200253 i 4500
001 77544
003 ES-MaACL
005 20230906173252.0
007 t|
008 041020s2004 sp ||||1| spa d
020 _a84-8164-669-5
080 _a165.15
100 1 _aReid, Thomas.
_995981
245 1 9 _aInvestigación sobre la mente humana según los principios del sentido común /
_cThomas Reid ; introducción, traducción y notas de Ellen Duthie.
260 _aMadrid :
_bTrotta,
_c[2004]
300 _a316 p. ;
_c23 cm.
490 1 _aClásicos de la cultura ;
_v27
504 _aBibliografía: p. 51-62.
650 _aFilosofía de la mente.
_912837
700 1 _aDuthie, Ellen.
_946353
830 0 _aClásicos de la cultura ;
_v27
_9180247
852 _aES-MaACL
_jL-28302
_bR.134301
999 _c77544
_d77544